Bilecik Bilecik Bilecik Bilecik Bilecik

Muğla yöresinde yenilebilir bitki florasında antioksidant ve A vitamini miktarının belirlenmesi/ (Record no. 16207)

MARC details
000 -BAŞLIK
Sabit Uzunluktaki Kontrol Alanı 01315nam a22003857a 4500
001 - KONTROL NUMARASI
Control Dosyası 0016245
003 - KONTROL NUMARASI KİMLİĞİ
Kontrol Alanı KOHA_MİRAKIL
005 - EN SON İŞLEM TARİHİ ve ZAMANI
Kontrol Alanı 20260207002058.0
007 - FİZİKSEL TANIM SABİT ALAN - GENEL BİLGİ
Sabit uzunluklu kontrol alanı ta
008 - SABİT UZUNLUKTAKİ VERİ ÖGELERİ - GENEL BİLGİ
Sabit Alan 100412b2006 tu |||gr||||#||||0|tur |
020 ## - ISBN - ULUSLARARASI STANDART KİTAP NUMARASI
Isbn 9757207683
040 ## - KATALOGLAMA KAYNAĞI
Özgün Kataloglama Kurumu TR-BiSEU
Kataloglama Dili tur
Çeviri Kurumu TR-BiSEU
Açıklama Kuralları rda
041 0# - DİL KODU
Metin ya da ses kaydının dil kodu tur
044 ## - YAYINLAYAN/ÜRETEN KURULUŞUN ÜLKE KODU
ISO country code tu
050 ## - SINIFLAMA ve YER NUMARASI
Sınıflama Numarası QK898.A57
Yer Numarası H37 2006
100 1# - KİŞİ ADI
Yazar Adı (Kişi adı) Harmandar, Mansur.
245 1# - ESER ADI BİLDİRİMİ
Başlık Muğla yöresinde yenilebilir bitki florasında antioksidant ve A vitamini miktarının belirlenmesi/
Sorumluluk Bildirimi Mansur Harmandar ; Mansur Harmandar.
264 #1 - ÜRERİM, YAYIN, DAĞITIM ve TELİF BİLDİRİMİ
Yayın yeri Muğla :
Yayınlayan Muğla Üniversitesi
Yayın tarihi 2006
300 ## - FİZİKSEL TANIMLAMA
Sayfa, Cilt vb. 65, [8] sayfa: resimli, tablo, grafik; 24 cm.
336 ## - İÇERİK TÜRÜ
Content type term metin
Content type code txt
Source rdacontent
337 ## - MEDYA TÜRÜ
Media type term aracısız
Media type code n
Source rdamedia
338 ## - TAŞIYICI TÜRÜ
Carrier type term cilt
Carrier type code nc
Source rdacarrier
490 1# - DİZİ BİLDİRİMİ
Dizi Bildirimi Muğla Üniversitesi yayınları ;
Cilt Numarası 65.
490 1# - DİZİ BİLDİRİMİ
Dizi Bildirimi Rektörlük yayınları ;
Cilt Numarası 44.
500 ## - GENEL NOT
Genel Not Kaynakça var.
650 #0 - KONU BAŞLIĞI EK GİRİŞ - KONU TERİMİ
Konusal terim veya coğrafi ad Antioxidants.
9 (RLIN) 37657
650 #0 - KONU BAŞLIĞI EK GİRİŞ - KONU TERİMİ
Konusal terim veya coğrafi ad Antioksidanlar.
9 (RLIN) 37658
650 #0 - KONU BAŞLIĞI EK GİRİŞ - KONU TERİMİ
Konusal terim veya coğrafi ad Plants--Turkey--Muğla.
9 (RLIN) 37659
650 #0 - KONU BAŞLIĞI EK GİRİŞ - KONU TERİMİ
Konusal terim veya coğrafi ad Bitkiler--Türkiye--Muğla.
9 (RLIN) 37660
650 #0 - KONU BAŞLIĞI EK GİRİŞ - KONU TERİMİ
Konusal terim veya coğrafi ad Plants--Metabolism.
9 (RLIN) 29930
650 #0 - KONU BAŞLIĞI EK GİRİŞ - KONU TERİMİ
Konusal terim veya coğrafi ad Bitkiler--Metabolizma.
9 (RLIN) 37661
830 1# - SERİ EK GİRİŞİ - TEKBİÇİM ESER ADI
Tekbiçim Başlık Muğla Üniversitesi yayınları ;
Volume number/sequential designation 65.
9 (RLIN) 12706
830 1# - SERİ EK GİRİŞİ - TEKBİÇİM ESER ADI
Tekbiçim Başlık Rektörlük yayınları ;
Volume number/sequential designation 44.
9 (RLIN) 12707
942 ## - EK GİRİŞ ÖGELERİ (KOHA)
Source of classification or shelving scheme Library of Congress Classification
Koha item type Book
Holdings
Materyal Türü Kalıcı Konum Mevcut Konum Raf Yeri Sınıflandırma Kaynağı Edinim Bilgisi Ana Konular Alt Konular Yer Numarası Demirbaş Numarası Fatura Tarihi Maliyet, Alış Fiyatı Maliyet, Yenileme Fiyatı Geri Çekilme Durumu Kayıp Durumu Hasarlı Durumu Kredi için değil Kayıt Tarih Toplam Ödünçverme Son Görülme Tarihi Son Kontrol Tarihi Genel / Bağış Notu
Book Prof. Dr. Azmi Özcan Kütüphanesi Prof. Dr. Azmi Özcan Kütüphanesi Birûni Salonu Library of Congress Classification Bağış BİLİM Botanik QK898.A57 H37 2006 0016245 13/08/2010 2.50 2.50         12/04/2010   05/12/2024 05/12/2024 Genel Bağış